Οικονομικές διαστάσεις της κατάρτισης ενηλίκων

Αποθηκεύτηκε σε:
Λεπτομέρειες βιβλιογραφικής εγγραφής
Κύριος συγγραφέας: Κανελλόπουλος, Κωσταντίνος Ν.
Άλλοι συγγραφείς: Παπακωνσταντίνου, Παναγιώτα
Μορφή: Βιβλίο
Γλώσσα:Greek
Δημοσίευση: Αθήνα : Κέντρο Προγραμματισμού και Οικονομικών Ερευνών, 2005
Σειρά:Studies (Κέντρον Προγραμματισμού και Οικονομικών Ερευνών) ; 61
Θέματα:
Ετικέτες: Προσθήκη ετικέτας
Δεν υπάρχουν, Καταχωρήστε ετικέτα πρώτοι!

MARC

LEADER 00000cam a2200000 i 4500
001 1/27256
008 060330s2005 gre d
020 |a 960-341-059-4 
035 |l 10083360 
040 |a GR-MY-UA  |b gre  |e aacr 
041 0 |a gre 
082 0 |a 331.259209495  |2 (22) 
100 1 |a Κανελλόπουλος, Κωσταντίνος Ν. 
245 1 0 |a Οικονομικές διαστάσεις της κατάρτισης ενηλίκων /  |c Κωνσταντίνου Ν. Κανελλόπουλου με τη συνεργασία Παναγιώτας Παπακωνσταντίνου 
260 |a Αθήνα :   |b Κέντρο Προγραμματισμού και Οικονομικών Ερευνών,   |c 2005 
300 |a 206 σ.;  |c 24 εκ. 
490 1 |a Studies (Κέντρον Προγραμματισμού και Οικονομικών Ερευνών)  |v ; 61 
504 |a Περιέχει βιβλιογραφία 
650 0 0 |a Labor supply  |x Effect of education on  |z Greece. 
700 1 |a Παπακωνσταντίνου, Παναγιώτα. 
830 0 |a Studies (Κέντρον Προγραμματισμού και Οικονομικών Ερευνών)  |v ; 61 
852 |a INST  |b CHIOS  |e 20060516  |h 331.259209495 ΚΑΝ  |p 005200024010  |q 005200024010  |t BK  |y 0 
852 |a INST  |b LESVOS  |e 20060330  |h 331.259209495 ΚΑΝ  |p 005100035967  |q 005100035967  |t BK  |y 0 
901 |a BIBL1-2006-1 
901 |a BIBL2-2006-2 
909 |a Λ  |b 126205 
909 |a Χ  |b 120084 
970 |a ΚΑΜΑΤΣΟΥ  |b ΔΕΣΠΟΙΝΑ  |z 2006/03/30